Vista normal Vista MARC

Entrada Personal Name

Número de registros utilizados en: 2

001 - CONTROL NUMBER

  • control field: 42583

003 - CONTROL NUMBER IDENTIFIER

  • control field: OSt

005 - DATE AND TIME OF LATEST TRANSACTION

  • control field: 20241001163934.0

008 - FIXED-LENGTH DATA ELEMENTS

  • fixed length control field: 241001|| aca||aabn | a|a d

040 ## - CATALOGING SOURCE

  • Original cataloging agency: OSt
  • Transcribing agency: OSt

100 ## - HEADING--PERSONAL NAME

  • Personal name: Abadía Morales, Guillermo,
  • Dates associated with a name: 1912-2010

670 ## - SOURCE DATA FOUND

  • Source citation: Work cat.: (OSt)38368: Abadía Morales, Guillermo, 1912-2010, El correo de las brujas y la literatura oral /









Instituto Departamental de Cultura del Meta - Red Departamental de Bibliotecas Públicas del Meta.